[Event "German Bundesliga 2021-22"]
[Site "Germany"]
[Date "2022.05.01"]
[Round "6.12"]
[White "Meshkovs, Nikita"]
[Black "Amin, Bassem"]
[Result "1-0"]
[WhiteElo "2559"]
[BlackElo "2682"]
[Annotator "TA"]
[PlyCount "87"]
[EventDate "2022.03.05"]
[EventType "team-tourn"]
[EventCountry "GER"]
[SourceTitle "playchess.com"]
[Source "ChessBase"]
[SourceQuality "1"]
[TimeControl "40/5400+30:1800+30"]

{[%evp 16,87,29,29,29,25,23,33,53,30,39,16,18,17,95,90,87,78,86,72,107,108,111,94,208,195,194,200,202,214,304,315,314,307,329,335,341,331,321,307,362,362,396,393,377,377,320,188,235,240,449,375,602,587,603,635,652,638,631,641,731,724,745,737,722,718,986,931,822,799,1437,1396,29965,29965]} 1. d4 {[%emt 0:00:00]} Nf6 {[%emt 0:00:00]} 2. c4 {[%emt 0:00:00]} g6 {[%emt 0:00:00]} 3. Nc3 {[%emt 0:00:00]} Bg7 {[%emt 0:00:00]} 4. e4 {[%emt 0:00:00]} d6 {[%emt 0:00:00]} 5. h3 {[%emt 0:00:00]} O-O {[%emt 0:00:00]} 6. Nf3 {[%emt 0:00:00]} e5 {[%emt 0:00:00]} 7. d5 {[%emt 0:00:00]} a5 {[%emt 0:00:00]} 8. g4 {[%emt 0:00:00]} Na6 {[%emt 0:00:23]} 9. Be3 {[%emt 0:00:00]} Nd7 {[%emt 0:05:44] E90: King's Indian: Classical: Early deviations and 6 h3.} 10. a3 {[%emt 0:00:00]} Nb6 {[%emt 0:01:59]} 11. Rg1 {[%emt 0:00:00]} Kh8 {[%emt 0:03:01] White is slightly better.} 12. Nd2 {[%emt 0:14:04]} Bd7 {[%emt 0:03:17] [#]} 13. Bd3 $1 $146 {[%emt 0:13:14][%mdl 8] An important novelty.} ({Predecessor:} 13. Be2 a4 14. Qc2 Nc5 15. h4 c6 16. g5 f6 17. h5 fxg5 18. Bxg5 Bf6 19. Be3 gxh5 20. Bxh5 Qe7 21. O-O-O Rg8 22. Kb1 Bg5 23. Bxc5 dxc5 24. Be2 Bh4 {½-½ (24) Lalith,B (2548)-Kotronias,V (2485) Cattolica 2022}) 13... Nc5 {[%emt 0:06:51]} 14. Bc2 {[%emt 0:00:30]} a4 {[%emt 0:01:52]} (14... c6 $11 {keeps the balance.}) 15. Qe2 $16 {[%emt 0:01:35] Black is on the road to losing.} c6 {[%emt 0:02:22]} 16. O-O-O {[%emt 0:01:59][%cal Oh3h4]} cxd5 {[%emt 0:03:07]} 17. cxd5 {[%emt 0:01:36]} Rc8 {[%emt 0:05:16]} 18. Kb1 {[%emt 0:00:38]} Na8 {[%emt 0:05:55]} 19. h4 {[%emt 0:09:42][%cal Bh3h4,Bh4h5][%mdl 32]} h6 {[%emt 0:04:08] [#]} (19... Rb8 $16) 20. h5 $1 $18 {[%emt 0:10:09] aiming for g5.} g5 {[%emt 0:01:03]} 21. Bxc5 {[%emt 0:13:44]} Rxc5 {[%emt 0:01:13]} 22. Bxa4 {[%emt 0:00:22]} b5 {[%emt 0:28:17]} (22... Rxc3 {was worth a try.} 23. Bxd7 Rh3) 23. Bxb5 {[%emt 0:00:38]} Bxb5 {[%emt 0:01:11]} 24. Nxb5 {[%emt 0:00:02]} Qb6 {[%emt 0:00:31]} 25. a4 {[%emt 0:00:30]} Nc7 {[%emt 0:00:06]} 26. Nxc7 {[%emt 0:14:41]} Rxc7 {[%emt 0:00:06]} 27. Rg3 {[%emt 0:00:11]} Ra8 {[%emt 0:00:24]} 28. Rb3 {[%emt 0:03:08]} ({Less strong is} 28. Nc4 Qb4 29. Rc1 (29. b3 Rxa4 30. Re3 Rca7 $14) 29... Rxa4 $16) 28... Qd4 {[%emt 0:07:19]} 29. Rc1 {[%emt 0:07:08]} Rxc1+ {[%emt 0:02:26]} 30. Kxc1 {[%emt 0:00:02]} Qxa4 {[%emt 0:00:30]} 31. Rc3 {[%emt 0:03:24]} (31. Qb5 $142) 31... Bf6 {[%emt 0:02:57]} (31... Rb8 {keeps fighting.} 32. Kb1 Bf8) 32. Qc4 {[%emt 0:00:51] [#] Threatens to win with Qxa4.} Qd7 {[%emt 0:05:14]} (32... Qa1+ {was called for.} 33. Kc2 Rb8) 33. Qc6 {[%emt 0:00:02]} Ra1+ $2 {[%emt 0:05:25]} (33... Qd8 34. Qc7 Kg7) 34. Kc2 {[%emt 0:00:45]} Qd8 {[%emt 0:00:22]} 35. Qc8 {[%emt 0:01:44] Qxd8+ is the strong threat.} Kg7 {[%emt 0:00:35]} 36. Qxd8 {[%emt 0:00:06]} Bxd8 {[%emt 0:00:01][%mdl 4096] Endgame KRB-KRN} 37. Nc4 {[%emt 0:00:56] Prevents Bb6.} Bc7 {[%emt 0:04:40]} 38. Ne3 {[%emt 0:01:14]} Bb6 {[%emt 0:00:13]} 39. Nf5+ {[%emt 0:00:02]} Kh7 {[%emt 0:00:09]} 40. Nxd6 {[%emt 0:00:17]} Bxf2 {[%emt 0:01:17]} 41. Rc7 {[%emt 0:32:33]} Be3 {[%emt 0:00:00]} 42. Kd3 {[%emt 0:00:00]} Bd4 {[%emt 0:00:00]} 43. Nxf7 {[%emt 0:00:00]} Bxb2 {[%emt 0:00:00]} 44. d6 {[%emt 0:00:00] Weighted Error Value: White=0.07 (flawless) /Black=0.63} 1-0

[Event "German Bundesliga 2021-22"]
[Site "Germany"]
[Date "2022.05.01"]
[Round "6.12"]
[White "Arnaudov, G. Petar"]
[Black "Saric, Ivan"]
[Result "0-1"]
[WhiteElo "2469"]
[BlackElo "2678"]
[Annotator "TA"]
[PlyCount "50"]
[EventDate "2022.03.05"]
[EventType "team-tourn"]
[EventCountry "GER"]
[SourceTitle "playchess.com"]
[Source "ChessBase"]
[SourceQuality "1"]
[TimeControl "40/5400+30:1800+30"]

{[%evp 16,50,34,40,61,22,18,22,18,0,4,22,27,-72,-74,-58,-40,-83,-87,-87,-15,-24,-23,-52,-56,-65,-49,-238,-199,-260,-252,-249,-248,-417,-433,-471,-463]} 1. d4 {[%emt 0:00:00]} d6 {[%emt 0:00:00]} 2. Nf3 {[%emt 0:00:00]} Nf6 {[%emt 0:00:00]} 3. c3 {[%emt 0:00:00]} g6 {[%emt 0:00:00]} 4. Bg5 {[%emt 0:00:00][%cal Bc1g5,Bg5h4,Bh4g3][%mdl 32]} Nbd7 {[%emt 0:00:00]} 5. Nbd2 {[%emt 0:00:00]} h6 {[%emt 0:00:00]} 6. Bh4 {[%emt 0:00:00]} Bg7 {[%emt 0:00:00]} 7. e4 {[%emt 0:00:00][%cal Be2e4,Be4e5][%mdl 32]} g5 {[%emt 0:00:00]} 8. Bg3 {[%emt 0:00:00]} Nh5 {[%emt 0:00:00]} 9. Nc4 {[%emt 0:00:00]} Ndf6 $5 {[%emt 0:07:18][%mdl 4] [#] A promising side line. A48: 1 d4 Nf6 2 Nf3 g6: Torre, London and Colle Systems.} 10. e5 $146 {[%emt 0:04:41]} ({Predecessor:} 10. Bd3 Nxg3 11. hxg3 e6 12. Ne3 b6 13. d5 O-O 14. dxe6 fxe6 15. Qc2 Bb7 16. O-O-O g4 17. Nh2 {1-0 (33) Short,N (2698)-Khmelniker,I (2480) Douglas 2017}) 10... Nd5 {[%emt 0:00:47]} 11. Qb3 {[%emt 0:04:10]} c6 {[%emt 0:23:31] The position is equal.} 12. exd6 {[%emt 0:05:04] Threatening 0-0-0.} Nxg3 {[%emt 0:00:04]} 13. hxg3 {[%emt 0:00:12]} exd6 {[%emt 0:00:47]} 14. O-O-O {[%emt 0:04:22]} (14. Qa3 $11) 14... O-O $17 {[%emt 0:01:17]} 15. Bd3 {[%emt 0:00:42]} b5 {[%emt 0:02:41]} 16. Ncd2 {[%emt 0:00:19]} Rb8 {[%emt 0:02:43]} 17. Bb1 {[%emt 0:03:07]} f5 {[%emt 0:04:56]} (17... Re8 $17) 18. Rde1 {[%emt 0:04:04]} Bd7 {[%emt 0:03:11]} 19. Qc2 {[%emt 0:06:42]} Qf6 {[%emt 0:05:44]} 20. Qd3 {[%emt 0:10:13]} a5 {[%emt 0:03:33]} 21. g4 $2 {[%emt 0:02:33] White does not recover from this.} ({Better is} 21. Nf1 $15) 21... b4 {[%emt 0:02:08]} 22. gxf5 {[%emt 0:08:10]} (22. Bc2 {was worth a try.}) 22... bxc3 $19 {[%emt 0:00:31]} ({Weaker is} 22... Qxf5 23. Qxf5 Bxf5 24. Bxf5 Rxf5 25. Ne4 $15) 23. bxc3 {[%emt 0:00:56] [#]} Nf4 $1 {[%emt 0:04:28]} ({Worse is} 23... Bxf5 24. Qxf5 Qxf5 25. Bxf5 Rxf5 26. Ne4 $17) 24. Qc4+ {[%emt 0:01:45]} (24. Qc2 Nxg2 25. Re6 Bxe6 26. fxe6) 24... d5 {[%emt 0:00:12] Chess con chili.} 25. Qc5 {[%emt 0:00:04]} Bxf5 {[%emt 0:01:12] Weighted Error Value: White=0.54/Black=0.13 (very precise)} 0-1

[Event "German Bundesliga 2021-22"]
[Site "Germany"]
[Date "2022.05.01"]
[Round "6.13"]
[White "Fedorchuk, Sergey A."]
[Black "Teclaf, Pawel"]
[Result "1/2-1/2"]
[WhiteElo "2605"]
[BlackElo "2542"]
[Annotator "TA"]
[PlyCount "55"]
[EventDate "2022.03.05"]
[EventType "team-tourn"]
[EventCountry "GER"]
[SourceTitle "playchess.com"]
[Source "ChessBase"]
[SourceQuality "1"]
[TimeControl "40/5400+30:1800+30"]

{[%evp 10,55,24,4,4,0,0,0,0,20,0,7,13,4,26,19,27,19,30,32,41,35,35,14,19,23,16,-4,0,0,0,0,0,0,0,0,0,0,0,-26,-22,-14,-26,-15,-12,-31,-32,-26]} 1. e4 {[%emt 0:00:00]} c6 {[%emt 0:00:00]} 2. d4 {[%emt 0:00:00]} d5 {[%emt 0:00:00]} 3. Nd2 {[%emt 0:00:00]} dxe4 {[%emt 0:00:00]} 4. Nxe4 {[%emt 0:00:00]} Bf5 {[%emt 0:00:00]} 5. Ng3 {[%emt 0:00:00]} Bg6 {[%emt 0:00:00]} 6. Nh3 {[%emt 0:00:00]} Nf6 $1 {[%emt 0:00:00][%cal Oc6c5][%mdl 4] is recently more successful than 6...e6. B18: Classical Caro-Kann: 4...Bf5 sidelines.} 7. c3 {[%emt 0:00:00]} Nbd7 {[%emt 0:00:00][%cal Bb8d7,Bd7b6,Bb6d5][%mdl 32]} 8. Bc4 {[%emt 0:00:06]} e6 {[%emt 0:00:00] The position is equal.} 9. Nf4 {[%emt 0:02:35]} Bd6 {[%emt 0:00:00]} 10. Qf3 {[%emt 0:07:24]} Nb6 {[%emt 0:00:00] [#] White must now prevent ...Bxf4.} 11. Bb3 {[%emt 0:00:36]} Nbd5 {[%emt 0:00:00]} 12. Nxg6 {[%emt 0:05:47]} hxg6 {[%emt 0:00:00]} 13. Bg5 {[%emt 0:00:18]} Be7 {[%emt 0:00:00]} 14. O-O {[%emt 0:08:13]} Nd7 {[%emt 0:14:21]} 15. Bc1 {[%emt 0:08:55] [#]} a5 $146 {[%emt 0:12:38][%cal Ba7a5,Ba5a4][%mdl 32]} ({Predecessor:} 15... N5f6 16. Re1 Qc7 17. c4 O-O 18. c5 b6 19. Bf4 Qb7 20. Ne4 Nxe4 21. Rxe4 bxc5 {0-1 (48) Fedorchuk,S (2633)-Svane,R (2615) Riga 2019}) 16. Re1 {[%emt 0:08:06]} a4 {[%emt 0:08:09]} 17. Bc2 {[%emt 0:00:11][%cal Oe1e6]} O-O {[%emt 0:01:37]} 18. Ne4 {[%emt 0:12:11]} b5 {[%emt 0:21:24]} 19. Bd2 {[%emt 0:05:47]} e5 {[%emt 0:13:11]} 20. Rad1 {[%emt 0:11:42]} f5 {[%emt 0:05:43]} 21. Ng3 {[%emt 0:10:22]} e4 {[%emt 0:01:37]} 22. Nxe4 {[%emt 0:01:50]} fxe4 {[%emt 0:00:06]} 23. Qxe4 {[%emt 0:00:03] Qe6+ is the strong threat.} Rf6 {[%emt 0:04:57] Against Qe6+} 24. Bg5 {[%emt 0:01:56][%mdl 64] [#] Deflection} Rf7 {[%emt 0:00:08]} 25. Qxg6 {[%emt 0:05:51] Threatening mate with Qh7+.} Nf8 {[%emt 0:00:03] Against Qh7+. Pair of Knights!} 26. Bxe7 {[%emt 0:00:11] Really sharp!} Nxe7 {[%emt 0:00:10]} 27. Qd3 {[%emt 0:00:52]} Nd5 {[%emt 0:07:38]} 28. g3 {[%emt 0:03:52] Weighted Error Value: White=0.05 (flawless) /Black=0.03 (flawless)} 1/2-1/2

[Event "German Bundesliga 2021-22"]
[Site "Germany"]
[Date "2022.05.01"]
[Round "6.13"]
[White "Berchtenbreiter, Maximilian"]
[Black "Braeuer, Franz"]
[Result "0-1"]
[WhiteElo "2506"]
[BlackElo "2428"]
[Annotator "TA"]
[PlyCount "82"]
[EventDate "2022.03.05"]
[EventType "team-tourn"]
[EventCountry "GER"]
[SourceTitle "playchess.com"]
[Source "ChessBase"]
[SourceQuality "1"]
[TimeControl "40/5400+30:1800+30"]

{[%evp 14,82,5,8,16,14,14,-29,-27,-22,35,15,17,23,13,-24,-20,-20,-18,-41,-38,-108,-52,-52,0,-32,-15,-81,-83,-85,-78,-80,-82,-95,-65,-116,0,-91,0,-108,-95,-193,-133,-167,-120,-116,-87,-85,123,22,22,-130,-63,-94,-90,-241,-217,-392,-235,-335,-238,-290,-215,-580,-551,-539,-308,-687,-564,-29986,-29986]} 1. c4 {[%emt 0:00:00]} Nf6 {[%emt 0:00:00]} 2. Nc3 {[%emt 0:00:00]} e6 {[%emt 0:00:00]} 3. e4 {[%emt 0:00:00]} d5 {[%emt 0:00:00]} 4. e5 {[%emt 0:00:00]} d4 {[%emt 0:00:00]} 5. exf6 {[%emt 0:00:00]} dxc3 {[%emt 0:00:00]} 6. bxc3 {[%emt 0:00:38]} Qxf6 {[%emt 0:00:00]} 7. Nf3 {[%emt 0:01:30]} b6 {[%emt 0:00:00]} 8. d4 {[%emt 0:05:30]} h6 {[%emt 0:12:26] A18: English Opening: Flohr-Mikenas System (1 c4 Nf6 2 Nc3 e6 3 e4).} 9. Bd3 {[%emt 0:04:55] With the idea Ne5.} Bb7 $1 {[%emt 0:02:28]} 10. Ne5 {[%emt 0:00:10][%cal Oc4c5]} Bd6 {[%emt 0:09:05] Against c5. Black has an edge.} 11. Qa4+ {[%emt 0:00:40]} c6 {[%emt 0:03:12]} (11... Kf8 $11) 12. f4 $14 {[%emt 0:04:49]} O-O $1 {[%emt 0:03:39]} 13. O-O {[%emt 0:12:18][%cal Oc4c5]} c5 {[%emt 0:10:55] [#]} 14. Bd2 $146 {[%emt 0:16:13]} ({Predecessor:} 14. Be3 Rc8 15. Rae1 Nc6 16. d5 exd5 17. cxd5 Ne7 18. Qe4 g6 19. Ng4 Qh4 20. f5 gxf5 21. Rxf5 Nxf5 {1-0 (26) Dimitrov,R (2380)-Baumegger,S (2456) Zadar 2009}) 14... Qd8 {[%emt 0:06:22]} 15. Be3 {[%emt 0:06:46]} Qc7 {[%emt 0:01:56]} 16. Rae1 {[%emt 0:08:53][%cal Od4d5]} Nc6 {[%emt 0:03:02]} 17. Ng4 {[%emt 0:07:46]} (17. Nxc6 $15 Bxc6 18. Qd1) 17... Ne7 {[%emt 0:05:44]} (17... Rad8 $17 18. dxc5 bxc5) 18. Qc2 {[%emt 0:01:38]} cxd4 {[%emt 0:14:04]} (18... Rae8 $15) 19. cxd4 {[%emt 0:01:29]} Nf5 {[%emt 0:00:40]} 20. Bf2 {[%emt 0:13:18]} (20. Bxf5 $11 {remains equal.} exf5 21. Ne5) 20... Bxf4 $17 {[%emt 0:02:58]} (20... Qc6 21. d5 Qc8 22. Ne5 $14) 21. d5 {[%emt 0:00:03]} Rae8 $1 {[%emt 0:12:36]} 22. Qa4 {[%emt 0:08:50]} Qb8 {[%emt 0:04:24]} 23. Qd1 {[%emt 0:02:48]} Bc8 {[%emt 0:05:55]} 24. Qa4 {[%emt 0:02:33]} (24. g3 $15 Bd6 25. Bc2) 24... Bb7 {[%emt 0:00:04]} 25. Qd1 $1 {[%emt 0:00:06]} Bc8 {[%emt 0:01:54]} 26. Qa4 $1 {[%emt 0:00:03]} Rd8 {[%emt 0:00:31]} 27. Re4 {[%emt 0:01:58]} (27. Kh1 $17) 27... Bd6 {[%emt 0:01:21]} (27... exd5 $19 28. cxd5 Bc7) 28. Qd1 {[%emt 0:00:49]} exd5 {[%emt 0:00:22]} (28... h5 29. Nf6+ gxf6 30. Qxh5 Bxh2+ 31. Kh1 $16) (28... Qc7 $19 29. Kh1 exd5 30. cxd5 Bc5) 29. cxd5 {[%emt 0:00:17]} Rfe8 {[%emt 0:00:34]} 30. Qf3 {[%emt 0:00:03] And now Rxe8+ would win.} Rf8 {[%emt 0:00:46] [#]} (30... h5 $17 {keeps the pressure on. Strongly threatening ...Rxe4.} 31. Ne3 Rxe4 32. Bxe4 Nh6 33. Qxh5 Bc5) 31. Nf6+ {[%emt 0:00:20]} Kh8 $1 $11 {[%emt 0:00:30] [#]} (31... gxf6 $2 32. Rg4+ Kh8 33. Bxf5 Bxh2+ 34. Kh1 Bxf5 35. Qxf5 $18) 32. Rg4 $2 {[%emt 0:00:57] [#]} Be5 $1 {[%emt 0:00:01]} 33. Nh5 {[%emt 0:01:08]} (33. Bh4 Qd6) 33... g6 {[%emt 0:00:31]} ({Of course not} 33... Bxh2+ $6 34. Kh1 Qe5 35. Nxg7 Nxg7 36. Rh4 $11) 34. Nf4 {[%emt 0:00:08] Loses the game.} (34. Bxf5 $17 {might work better.} Bxf5 35. Bd4) 34... Qd6 $19 {[%emt 0:00:17]} 35. Rc1 $2 {[%emt 0:00:26]} (35. Re1 {was worth a try.}) 35... Bd7 {[%emt 0:00:21]} (35... Nd4 $142 36. Qe4 Bxg4 37. Bxd4 Rde8) 36. g3 {[%emt 0:00:47]} (36. Re1 $142) 36... Rc8 {[%emt 0:00:21]} 37. Re1 {[%emt 0:00:05]} Bg7 {[%emt 0:00:34]} 38. Ne6 $2 (38. Ne2) 38... fxe6 {[%emt 0:00:33]} 39. Rxg6 {[%emt 0:00:56] Hoping for Bxf5.} Qxd5 {[%emt 0:01:08]} ({Wrong is} 39... Nh4 $2 40. Qe4 Nf3+ 41. Kh1 exd5 42. Qe7 Qxg6 43. Bxg6 $17) 40. Be4 {[%emt 0:00:13]} (40. Qxd5 exd5 41. g4) 40... Qd2 {[%emt 0:00:41] ...Rc1 is the strong threat.} 41. Qh5 {[%emt 0:00:00]} Rc1 {[%emt 0:00:00] Weighted Error Value: White=0.75/Black=0.43} 0-1

[Event "German Bundesliga 2021-22"]
[Site "Germany"]
[Date "2022.05.01"]
[Round "6.13"]
[White "Sonntag, Hans-Hubert"]
[Black "Pruijssers, Roeland"]
[Result "0-1"]
[WhiteElo "2322"]
[BlackElo "2565"]
[Annotator "TA"]
[PlyCount "44"]
[EventDate "2022.03.05"]
[EventType "team-tourn"]
[EventCountry "GER"]
[SourceTitle "playchess.com"]
[Source "ChessBase"]
[SourceQuality "1"]
[TimeControl "40/5400+30:1800+30"]

{[%evp 26,44,-32,-23,-33,-181,-191,-185,-178,-180,-177,-172,-129,-149,-129,-284,-256,-482,-477,-706,-707]} 1. e4 {[%emt 0:00:00]} c5 {[%emt 0:00:00]} 2. Nf3 {[%emt 0:00:00]} Nc6 {[%emt 0:00:00]} 3. d4 {[%emt 0:00:00]} cxd4 {[%emt 0:00:00]} 4. Nxd4 {[%emt 0:00:00]} Nf6 {[%emt 0:00:00]} 5. Nc3 {[%emt 0:00:00]} d6 {[%emt 0:00:00]} 6. g3 {[%emt 0:00:00]} g6 {[%emt 0:00:00]} 7. Nde2 {[%emt 0:00:00]} Bg7 {[%emt 0:00:00]} 8. Bg2 {[%emt 0:00:00]} O-O {[%emt 0:00:00]} 9. O-O {[%emt 0:00:00]} Rb8 {[%emt 0:00:00]} 10. a4 {[%emt 0:00:00]} a6 {[%emt 0:07:31][%cal Ba7a6,Ba6b5,Bb5b4][%mdl 32]} 11. h3 {[%emt 0:06:49]} b5 {[%emt 0:00:38]} 12. axb5 {[%emt 0:00:12]} axb5 {[%emt 0:00:07]} 13. Be3 {[%emt 0:00:50]} b4 {[%emt 0:00:51]} 14. Nd5 {[%emt 0:01:23]} Nd7 {[%emt 0:00:25] B70: Sicilian Dragon: 6 g3 and 6 Be2 (without a later Be3).} 15. Nd4 {[%emt 0:02:19] [#]} ({White should try} 15. Qd2 $15) 15... Bxd4 $1 $19 {[%emt 0:00:47]} 16. Bxd4 {[%emt 0:00:33]} e6 {[%emt 0:00:07] Black is clearly better.} 17. Be3 {[%emt 0:23:30]} exd5 {[%emt 0:03:32]} 18. Qxd5 {[%emt 0:00:21] [#]} Qc7 $146 {[%emt 0:10:05]} ({Predecessor:} 18... Nde5 19. Rfd1 Ne7 20. Qd4 Be6 21. Bh6 N7c6 22. Qxd6 Qxd6 23. Rxd6 Rfd8 24. Rxd8+ Rxd8 25. Ra6 Nd4 26. c3 Ndf3+ 27. Bxf3 Nxf3+ 28. Kg2 Ne1+ {0-1 (28) Agopov,M (2449)-Henrichs,T (2485) Kallithea 2008}) 19. Rfd1 {[%emt 0:02:26]} Nce5 {[%emt 0:11:07]} 20. Ra7 $2 {[%emt 0:32:05] [#]} (20. Bh6 $17) 20... Qxc2 {[%emt 0:07:20]} 21. Rd2 $2 {[%emt 0:03:42]} (21. b3) 21... Qb1+ {[%emt 0:15:40]} 22. Kh2 {[%emt 0:03:34]} (22. Rd1 $142 Qxb2 23. Raa1) 22... Nf6 {Weighted Error Value: White=1.13/Black=0.05 (flawless)} 0-1

[Event "German Bundesliga 2021-22"]
[Site "Germany"]
[Date "2022.05.14"]
[Round "7.2"]
[White "Bluebaum, Matthias"]
[Black "Costa, Leonardo"]
[Result "1-0"]
[WhiteElo "2642"]
[BlackElo "2324"]
[Annotator "TA"]
[PlyCount "99"]
[EventDate "2022.03.05"]
[EventType "team-tourn"]
[EventCountry "GER"]
[SourceTitle "playchess.com"]
[Source "ChessBase"]
[SourceQuality "1"]

1. Nf3 d5 2. e3 Nf6 3. c4 e6 4. Nc3 Bd6 5. b3 O-O 6. Bb2 Re8 7. Nb5 e5 8. Nxd6 Qxd6 9. c5 Qxc5 10. Nxe5 Qd6 11. Nf3 Nbd7 12. Be2 Nf8 13. h3 c6 14. O-O Ng6 15. Rc1 Bd7 16. Rc2 Bf5 17. d3 Red8 18. Qa1 Ne8 19. a3 Qe7 20. Rfc1 Nh4 21. Nxh4 Qxh4 22. Be5 Qg5 23. Kh2 f6 24. Bf4 Qg6 25. Qd4 Rd7 26. b4 a6 27. a4 Qf7 28. b5 axb5 29. axb5 cxb5 30. Qb6 g5 31. Bg3 Ra3 32. Qxb5 Kg7 33. Qb2 Ra6 34. Rc5 Be6 35. Bf3 h5 36. h4 g4 37. Be2 d4 38. Bf1 dxe3 39. fxe3 Rd5 40. e4 Rxc5 41. Rxc5 Ra2 42. Qc3 Ra4 43. d4 Bd7 44. Qb2 Qa2 45. Qxb7 Rxd4 46. Bc4 Qa4 47. Rd5 Rxd5 48. Qxd5 Qb3 49. Bb5 Qa4 50. Bc4 1-0

[Event "German Bundesliga 2021-22"]
[Site "Germany"]
[Date "2022.05.14"]
[Round "7.4"]
[White "Vandenbussche, Thibaut"]
[Black "Bischoff, Klaus"]
[Result "1-0"]
[WhiteElo "2401"]
[BlackElo "2493"]
[Annotator "TA"]
[PlyCount "131"]
[EventDate "2022.03.05"]
[EventType "team-tourn"]
[EventCountry "GER"]
[SourceTitle "playchess.com"]
[Source "ChessBase"]
[SourceQuality "1"]

1. e4 c5 2. Nf3 d6 3. Bb5+ Nd7 4. O-O Ngf6 5. Re1 a6 6. Bxd7+ Bxd7 7. c3 e6 8. d4 cxd4 9. cxd4 d5 10. exd5 Nxd5 11. Nc3 Bc6 12. Ne5 Be7 13. Qg4 O-O 14. Bh6 Bf6 15. Ne4 Be8 16. Rac1 Kh8 17. Nxf6 Qxf6 18. Bg5 Qf5 19. Qxf5 exf5 20. Rc5 Nb6 21. Be7 Rg8 22. d5 f6 23. Nc4 Nxc4 24. Rxc4 Bb5 25. Rc7 Rgc8 26. Rxb7 Rc2 27. Ba3 Rac8 28. h4 Rc1 29. Rxc1 Rxc1+ 30. Kh2 Kg8 31. Rb8+ Kf7 32. h5 Be8 33. Rb7+ Kg8 34. h6 gxh6 35. d6 Rd1 36. Bc5 f4 37. Re7 Bc6 38. Rc7 Bb5 39. b3 h5 40. a4 Be8 41. f3 h4 42. Re7 Bc6 43. Ra7 h5 44. Rxa6 Be8 45. Rb6 h3 46. gxh3 Rd2+ 47. Kg1 Bd7 48. Rb4 Rd5 49. Rc4 Kf7 50. b4 Bxa4 51. Rxf4 Kg6 52. Rd4 Rxd4 53. Bxd4 Kf5 54. Bf2 Kf4 55. Kg2 Bc6 56. Bg3+ Ke3 57. Bh4 f5 58. Bf2+ Kf4 59. Bg1 Ke5 60. Bh2+ f4 61. h4 Kxd6 62. Bxf4+ Kd5 63. Kg3 Kc4 64. Bd6 Ba4 65. Kf4 Bd1 66. Ke4 1-0

[Event "German Bundesliga 2021-22"]
[Site "Germany"]
[Date "2022.05.14"]
[Round "7.13"]
[White "Boensch, Uwe"]
[Black "Gustafsson, Jan"]
[Result "1/2-1/2"]
[WhiteElo "2494"]
[BlackElo "2643"]
[Annotator "TA"]
[PlyCount "40"]
[EventDate "2022.03.05"]
[EventType "team-tourn"]
[EventCountry "GER"]
[SourceTitle "playchess.com"]
[Source "ChessBase"]
[SourceQuality "1"]

1. d4 Nf6 2. c4 e6 3. Nc3 Bb4 4. e3 O-O 5. Bd3 c5 6. Nge2 cxd4 7. exd4 d5 8. cxd5 Nxd5 9. O-O Nc6 10. a3 Bd6 11. Nxd5 exd5 12. Bf4 Be7 13. Rc1 Bf6 14. Rc5 Be7 15. Rc3 Bf6 16. Rc5 Be7 17. Rc3 Bf6 18. Rc5 Be7 19. Rc3 Bf6 20. Rc5 Be7 1/2-1/2

[Event "German Bundesliga 2021-22"]
[Site "Germany"]
[Date "2022.05.14"]
[Round "7.14"]
[White "Smeets, Jan"]
[Black "Sarbok, Torsten"]
[Result "1-0"]
[WhiteElo "2563"]
[BlackElo "2325"]
[Annotator "TA"]
[PlyCount "81"]
[EventDate "2022.03.05"]
[EventType "team-tourn"]
[EventCountry "GER"]
[SourceTitle "playchess.com"]
[Source "ChessBase"]
[SourceQuality "1"]

1. e4 c5 2. Nf3 d6 3. Bb5+ Nd7 4. c3 a6 5. Ba4 Ngf6 6. Bc2 e6 7. d4 Qc7 8. Qe2 Be7 9. O-O e5 10. a4 O-O 11. d5 Re8 12. a5 Nf8 13. Nbd2 Ng6 14. Nc4 Rb8 15. Nb6 Nh5 16. Nd2 Nhf4 17. Qd1 h6 18. Kh1 Nf8 19. Ndc4 Rd8 20. g3 N4g6 21. f4 exf4 22. gxf4 Bf6 23. Rg1 Kh8 24. Qh5 Nh7 25. Bd2 Qe7 26. Rae1 Bh4 27. Re2 Nf6 28. Qf3 Nh7 29. e5 dxe5 30. Bxg6 fxg6 31. Nxe5 Nf8 32. Nxc8 Rbxc8 33. Nxg6+ Nxg6 34. Rxe7 Nxe7 35. c4 Bf6 36. Qe4 Rc7 37. b4 Bd4 38. Rb1 Nc8 39. bxc5 Bxc5 40. Bc3 Bd6 41. Rg1 1-0

[Event "German Bundesliga 2021-22"]
[Site "Germany"]
[Date "2022.05.14"]
[Round "7.14"]
[White "Coenen, Michael"]
[Black "Berchtenbreiter, Maximilian"]
[Result "0-1"]
[WhiteElo "2326"]
[BlackElo "2506"]
[Annotator "TA"]
[PlyCount "58"]
[EventDate "2022.03.05"]
[EventType "team-tourn"]
[EventCountry "GER"]
[SourceTitle "playchess.com"]
[Source "ChessBase"]
[SourceQuality "1"]

1. Nf3 g6 2. g3 Bg7 3. Bg2 e5 4. O-O d5 5. c4 c6 6. cxd5 cxd5 7. Qa4+ Nc6 8. d4 exd4 9. Na3 Nge7 10. Nb5 Nf5 11. Bf4 O-O 12. g4 Nh4 13. Nxh4 Qxh4 14. h3 Be6 15. Nc7 Rad8 16. Qb5 Be5 17. Bxe5 Nxe5 18. Rad1 d3 19. Nxe6 fxe6 20. f4 a6 21. Qb6 dxe2 22. Qxe6+ Rf7 23. Qxe5 exf1=Q+ 24. Kxf1 Rxf4+ 25. Kg1 Qf6 26. Bxd5+ Kg7 27. Qc7+ Kh6 28. Qxb7 Qe5 29. Qb3 Rd4 0-1

[Event "German Bundesliga 2021-22"]
[Site "Germany"]
[Date "2022.05.14"]
[Round "7.16"]
[White "Movsesian, Sergei"]
[Black "Richter, Philipp"]
[Result "1-0"]
[WhiteElo "2606"]
[BlackElo "2225"]
[Annotator "TA"]
[PlyCount "38"]
[EventDate "2022.03.05"]
[EventType "team-tourn"]
[EventCountry "GER"]
[SourceTitle "playchess.com"]
[Source "ChessBase"]
[SourceQuality "1"]

1. e4 e6 2. d4 d5 3. e5 c5 4. c3 Nc6 5. Nf3 Bd7 6. a3 f6 7. Bd3 Qc7 8. O-O O-O-O 9. Re1 fxe5 10. dxe5 Nh6 11. c4 Ng4 12. Qe2 Be7 13. h3 Nh6 14. Nc3 Be8 15. Nb5 Qb8 16. b4 Rf8 17. Bg5 Bh5 18. Bxe7 Nxe7 19. Nd6+ Kd7 1-0